La producción carbonífera en España : (Record no. 19701)

MARC details
000 -LEADER
campo de control de longitud fija 00878nam a2200193 i 4500
001 - NÚMERO DE CONTROL
campo de control 19701
003 - IDENTIFICADOR DE NÚMERO DE CONTROL
campo de control ES-MaACL
005 - FECHA Y HORA DE LA ÚLTIMA TRANSACCIÓN
campo de control 20250807063205.0
007 - CAMPO FIJO DE DESCRIPCIÓN FÍSICA--INFORMACIÓN GENERAL
campo de control de longitud fija t|
008 - DATOS DE LONGITUD FIJA--INFORMACIÓN GENERAL
campo de control de longitud fija 021008q1945 sp ||||1| spa d
100 1# - ENTRADA PRINCIPAL--NOMBRE DE PERSONA
Nombre de persona Abollado Aribau, Carlos,
Fechas asociadas al nombre 1902-1991
9 (RLIN) 18109
245 13 - MENCIÓN DEL TÍTULO
Título La producción carbonífera en España :
Resto del título juicios y vaticinios sobre este problema básico de nuestra economía /
Mención de responsabilidad, etc. del secretario técnico del Ministerio de Industria y Comercio y presidente de la Comisión Reguladora para la Distribución del Carbón [Carlos Abollado].
260 ## - PUBLICACIÓN, DISTRIBUCIÓN, ETC.
Lugar de publicación, distribución, etc. [Madrid :
Nombre del editor, distribuidor, etc. s.n.,
Fecha de publicación, distribución, etc. ca. 1945] (
Fabricante Gráf. Reunidas)
300 ## - DESCRIPCIÓN FÍSICA
Extensión 12 p. ;
Dimensiones 32 cm.
595 ## -
-- Separata de: Minería y metalurgía: revista oficial de minas, metalurgía y combustibles
650 #4 - PUNTO DE ACCESO ADICIONAL DE MATERIA--TÉRMINO DE MATERIA
Término de materia o nombre geográfico como elemento de entrada Industria del carbón-
Subdivisión geográfica España.
9 (RLIN) 156099
852 4# - LOCALIZACIÓN
Ubicación ES-MaACL
Número de control de estantería 1672-F-24
Holdings
Estatus retirado Estado de pérdida Estado de daño No para préstamo Colección Biblioteca de origen Biblioteca actual Ubicación en estantería Fecha de adquisición Fuente de adquisición Total de préstamos Signatura topográfica completa Código de barras Visto por última vez Precio de reemplazo Tipo de ítem Koha
        Colección de folletos Biblioteca del Ateneo de Madrid Biblioteca del Ateneo de Madrid Depósito folletos 17/01/2008     1672-F-24 1020170 23/02/2023 23/02/2023 Folleto